[Event "Berisso Manrique op 6th"]
[Site "Berisso"]
[Date "2019.08.15"]
[Round "1.1"]
[White "Iribarren, Francisco"]
[Black "Rivero, Martin"]
[Result "1-0"]
[WhiteElo "1848"]
[BlackElo "1616"]
[PlyCount "39"]
[EventDate "2019.08.15"]
[EventType "swiss"]
[EventRounds "6"]
[EventCountry "ARG"]
[SourceTitle "EXT 2024"]
[Source "ChessBase"]
[SourceDate "2023.10.10"]
[SourceVersion "1"]
[SourceVersionDate "2023.10.10"]
[SourceQuality "1"]

1. e4 c5 2. Nf3 d6 3. Bb5+ Bd7 4. Bxd7+ Nxd7 5. 0-0 g6 6. c4 Bg7 7. Nc3 Ngf6 8. Re1 0-0 9. d3 a6 10. a4 Qc7 11. h3 Rfb8 12. Qe2 e5 13. Nh2 b5 14. axb5 a5 15. b3 Nb6 16. Qc2 Qd7 17. Na4 Nh5 18. Nxb6 Rxb6 19. Bd2 f5 20. Bxa5 1-0

[Event "La Plata Spring op"]
[Site "La Plata"]
[Date "2018.09.16"]
[Round "4.2"]
[White "Ferreyra, Gustavo"]
[Black "Iribarren, Francisco"]
[Result "0-1"]
[WhiteElo "1716"]
[BlackElo "1824"]
[PlyCount "112"]
[EventDate "2018.09.11"]
[EventType "swiss"]
[EventRounds "7"]
[EventCountry "ARG"]
[SourceTitle "EXT 2024"]
[Source "ChessBase"]
[SourceDate "2023.10.10"]
[SourceVersion "1"]
[SourceVersionDate "2023.10.10"]
[SourceQuality "1"]

1. d4 d5 2. c4 e6 3. Nf3 Bb4+ 4. Bd2 Bxd2+ 5. Nbxd2 b6 6. g3 Bb7 7. Bg2 Nf6 8. 0-0 0-0 9. Qc2 Nbd7 10. Rac1 c5 11. dxc5 Nxc5 12. b4 Ncd7 13. Rfd1 Qe7 14. a3 Rfc8 15. Qb2 dxc4 16. Nxc4 Bd5 17. Nce5 Nxe5 18. Nxe5 Bxg2 19. Kxg2 Qb7+ 20. Kg1 Qe4 21. Nd7 Nd5 22. Ne5 h5 23. Nf3 Qf5 24. Rxc8+ Rxc8 25. Rc1 Rxc1+ 26. Qxc1 Qf6 27. Qc8+ Kh7 28. h4 Nc3 29. Ng5+ Kg6 30. Qg8 Qf5 31. Qh7+ Kf6 32. Qxh5 Ke7 33. e3 b5 34. g4 Qg6 35. Qxg6 fxg6 36. Nf3 Nb1 37. Ne5 g5 38. Nc6+ Kd7 39. Nd4 Nxa3 40. hxg5 e5 41. Nf5 Nc2 42. Nxg7 Nxb4 43. Nf5 Nd5 44. Kf1 a5 45. Ke1 b4 46. g6 Ke6 47. g7 Kf7 48. g5 a4 49. Kd2 b3 50. e4 Nb6 51. Kc3 Nc4 52. g6+ Kg8 53. Ne7+ Kxg7 54. Nc6 b2 55. Kc2 a3 56. Nb4 Nd2 0-1

[Event "Platense-ch"]
[Site "La Plata"]
[Date "2018.01.06"]
[Round "3"]
[White "Veliz, Ariel"]
[Black "Iribarren, Francisco"]
[Result "1/2-1/2"]
[WhiteElo "1900"]
[BlackElo "1805"]
[PlyCount "150"]
[EventDate "2018.01.03"]
[EventType "swiss"]
[EventRounds "9"]
[EventCountry "ARG"]
[SourceTitle "EXT 2019"]
[Source "ChessBase"]
[SourceDate "2018.10.10"]
[SourceVersion "1"]
[SourceVersionDate "2018.10.10"]
[SourceQuality "1"]

1. c4 e5 2. Nc3 Nc6 3. g3 g6 4. Bg2 Bg7 5. Nf3 Nf6 6. d3 d6 7. 0-0 0-0 8. Rb1 Re8 9. Bg5 Bf5 10. b4 Qc8 11. Re1 e4 12. Bxf6 exf3 13. Bxg7 fxe2 14. Rxe2 Kxg7 15. Nd5 Ne5 16. Rd2 Bg4 17. f3 Be6 18. Qb3 c6 19. Nf4 f6 20. a4 Bf7 21. b5 g5 22. Ne2 d5 23. c5 Bg6 24. Nd4 Nd7 25. Rc1 Re7 26. f4 Nf8 27. bxc6 bxc6 28. fxg5 fxg5 29. Qc3 Kg8 30. Rf1 Qa6 31. Bh3 Rae8 32. a5 Re3 33. Bf5 Qb7 34. Rdf2 Qg7 35. Qb4 Qc7 36. Bxg6 Nxg6 37. Nf5 Re2 38. Nh6+ Kh8 39. Nf7+ Kg8 40. Nxg5 Qe5 41. Nf7 Qe3 42. Kg2 Rxf2+ 43. Rxf2 Qxd3 44. Nd6 Rf8 45. Rxf8+ Nxf8 46. Qg4+ Qg6 47. Qxg6+ hxg6 48. Nc8 a6 49. Ne7+ Kg7 50. Nxc6 Nd7 51. Nb4 Nxc5 52. Nxd5 Nb3 53. Nc7 Nxa5 54. Nxa6 Nc6 55. Nc5 Nd8 56. Kf3 Kf6 57. Kf4 g5+ 58. Kg4 Kg6 59. Ne4 Nf7 60. Kf3 Ne5+ 61. Kg2 Kf5 62. Nd6+ Kg6 63. h3 Kh5 64. Ne4 Kg6 65. Kf2 Kf5 66. Ke3 Kg6 67. Nd6 Nd7 68. Kd4 Kf6 69. Nc4 Ke6 70. g4 Nf8 71. Ne5 Kf6 72. Kd5 Ne6 73. Nd3 Nc7+ 74. Kd6 Ne6 75. Nf2 Nf4 1/2-1/2